|
|
|
|
| LEADER |
00818aam a22002658a 4500 |
| 001 |
00029263 |
| 005 |
20171026081022.0 |
| 008 |
120518s2011 ||||||viesd |
| 020 |
# |
# |
|a 9786046400311
|
| 041 |
0 |
# |
|a vie
|
| 082 |
1 |
# |
|a 915.972 7
|b L106X
|
| 100 |
0 |
# |
|a Nguyễn Quang Khải
|
| 245 |
1 |
0 |
|a Làng xã tỉnh Bắc Ninh
|c Nguyễn Quang Khải
|n T.2
|p 2011
|
| 260 |
# |
# |
|a H.
|b Thanh Niên
|c 2011
|
| 300 |
# |
# |
|a 566 tr.
|c 21 cm
|
| 500 |
# |
# |
|a ĐTTS ghi: Hội Văn nghệ dân gian Việt Nam
|
| 504 |
# |
# |
|a Thư mục: tr.561-562
|
| 653 |
# |
# |
|a Bắc Ninh
|
| 653 |
# |
# |
|a Làng xã
|
| 653 |
# |
# |
|a Việt Nam
|
| 852 |
# |
# |
|b Kho đọc
|j KD.0013659
|
| 852 |
# |
# |
|j KD.0013659
|
| 910 |
|
|
|d 18/05/2012
|
| 980 |
# |
# |
|a Trung tâm Học liệu Lê Vũ Hùng, Trường Đại học Đồng Tháp
|